Statistics for Largest cities in Cuba

Click here to take the quiz!

General Stats

  • This quiz has been taken 34 times
  • The average score is 3 of 6

Answer Stats

Answer % Correct
Havana
100%
Santiago de Cuba
69%
Camaguey
56%
Guantanamo
50%
Holguin
38%
Santa Clara
31%

Score Distribution

Percentile by Number Answered

Percent of People with Each Score

Your Score History

You have not taken this quiz